zpět

Detail výsledku týmu

Hloupý Honza, Praha

Datum a čas kvízu

27.5 Celkem bodů Celkový počet nahraných bodů na tomto kvízu bez doplňovacích otázek.
8. Pořadí na kvízu Konečné umístění týmu na tomto kvízu.

Zaznamenané odpovědi

# Otázka Odpověď Body Výsledky
1. 15. ledna byl slavnostně otevř... 0
2. Aplikace, jejíž logo vidíte na... 1
3. Ve středu 17. ledna byly oznám... 1
4. Modelová řada automobilky Škod... 0
5. Česká rychlobruslařka Karolína... 0
6. Abychom se mohli ohřát u ohně,... 0
7. Pták Ohnivák je slavný pohádko... 0
8. Ohňová země je souostroví u ji... 1
5. Ohněm a mečem je román polskéh... 1
5. Napište název jevu související... 0